000 00641nam a2200229Ia 4500
003 OSt
005 20220926013037.0
006 a|||||r|||| 00| 0
007 ta
008 220923b |||||||| |||| 00| 0 eng d
037 _cGeneral Book
040 _aRTL
_cRTL
_beng
041 _2eng
_aeng
082 _aY:3(Q), L7
100 _aWinter J Alan
_9131897
245 0 _aContinuities in the sociology of religion
_b Creed,
260 _aNew York
_bHarper and Row
_c1977
300 _ax,308p
_ccm.
500 _aBibliography chapterwise
942 _hY:3(Q), L7
_cGB
_2CC
999 _c625049
_d625049